Problemas contemporáneos de la actividad aeronáutica y del espacio

Enregistré dans:
Détails bibliographiques
Auteur principal: Irigoin Barrenne, Jeannette Albertina (autora)
Collectivité auteur: Instituto de Estudios Internacionales. Universidad de Chile (Auteur)
Autres auteurs: Infante Caffi, María Teresa (autora)
Format: Livre
Langue:espagnol
Publié: Santiago Universitaria 1977
Collection:Estudios Internacionales
Sujets:
Tags: Ajouter un tag
Pas de tags, Soyez le premier à ajouter un tag!

MARC

LEADER 00000nam a2200000 a 4500
001 UCT9147
003 CL-VaPUC
008 970404e19770000CL |||||||||||||||||spa|d
082 0 4 |a 341.46  |b IRI  |2 21 
100 |a Irigoin Barrenne, Jeannette Albertina  |e autora  |9 382115 
700 |a Infante Caffi, María Teresa  |e autora  |9 452098 
110 2 |a Instituto de Estudios Internacionales. Universidad de Chile  |e author  |9 381559 
245 1 0 |a Problemas contemporáneos de la actividad aeronáutica y del espacio 
300 |a 169 p 
942 |c BK 
945 |d 19970404 00:00:00  |a cmena 
260 |a Santiago  |b Universitaria  |c 1977 
650 0 |a Derecho aéreo  |9 260765 
650 0 |a Transportes aéreos  |9 260842 
650 0 |a Aeronaves  |9 381560 
650 7 |a LEGISLACION  |2 CL-VaPUC  |9 381561 
650 0 |a Relaciones Internacionales  |9 255740 
650 0 |a Derecho internacional  |9 255637 
583 |a last modification  |c 19970404 00:00:00  |k Rodrigo Vera 
490 0 |a Estudios Internacionales 
999 |c 257567  |d 257565 
952 |0 0  |1 0  |4 0  |6 341_460000000000000_IRI_1977  |7 0  |8 A  |9 281104  |a BIBDER  |b BIBDER  |d 2019-11-19  |i 1823426  |o 341.46 IRI 1977  |p 1823426  |r 2023-01-25  |w 2019-11-19  |y BK  |k DER